Paises con la "berenjena" más pequeña - Estadísticas

Estadísticas generales
  • Esta prueba ha sido intentada 83 veces
  • La puntuación promedio es 8 de 10
Estadísticas de respuestas
Posición Tamaño (cm) País % Correcto
#7 11 Japón
99%
#6 11 China
96%
#8 11 Corea del Sur
90%
#1 9,6 Corea del Norte
82%
#3 10,1 Tailandia
79%
#2 10,1 India
76%
#9 11,2 Indonesia
76%
#5 10,7 Taiwan
68%
#4 10,7 Filipinas
66%
#10 11,3 Malasia
65%
No se encontraron pruebas coincidentes
Distribución de puntuación
Porcentaje de gente con cada puntuación
Porcentaje por número respondido
Historial de tus puntuaciones
No has intentado esta prueba.